Planets by Picture - Statistics

General Stats
  • This quiz has been taken 130 times
  • The average score is 7 of 8
Answer Stats
Picture Answer % Correct
Earth
99%
Jupiter
92%
Mars
89%
Saturn
86%
Neptune
78%
Mercury
75%
Uranus
75%
Venus
73%
No matching quizzes found
Score Distribution
Percent of People with Each Score
Percentile by Number Answered
Your Score History
You have not taken this quiz